Central Library OPAC University of Rajshahi

The stages of economic growth : (Record no. 42646)

MARC details
000 -LEADER
fixed length control field 00695nam a2200229 a 4500
001 - CONTROL NUMBER
control field 42646
003 - CONTROL NUMBER IDENTIFIER
rucl marc code BD-RjUL
005 - DATE AND TIME OF LATEST TRANSACTION
control field 20211209053554.0
008 - FIXED-LENGTH DATA ELEMENTS--GENERAL INFORMATION
fixed length control field 160901m19661960enka b 001 0 eng d
035 ## - SYSTEM CONTROL NUMBER
System control number (BD-RjUL)42764
040 ## - CATALOGING SOURCE
Original cataloging agency NYP
Transcribing agency NYP
Modifying agency OCLCA
-- BD-RjUL
Language of cataloging eng
041 ## - LANGUAGE CODE
Language code of text/sound track or separate title eng
082 ## - DEWEY DECIMAL CLASSIFICATION NUMBER
Edition number 23
Classification number 338.9
Author mark and year ROS 1966
100 1# - MAIN ENTRY--PERSONAL NAME
Personal name Rostow, W. W.
9 (RLIN) 129741
245 14 - TITLE STATEMENT
Title The stages of economic growth :
Remainder of title a non-Communist manifesto /
Statement of responsibility, etc. by W. W. Rostow.
260 ## - PUBLICATION, DISTRIBUTION, ETC. (IMPRINT)
Place of publication, distribution, etc. Cambridge :
Name of publisher, distributor, etc. Cambridge University Press,
Date of publication, distribution, etc. 1960-1966
300 ## - PHYSICAL DESCRIPTION
Pagination x, 179 p. :
Illustrations ill ;
Size 21 cm.
500 ## - GENERAL NOTE
General note Includes index.
650 #0 - SUBJECT ADDED ENTRY--TOPICAL TERM
Topical term or geographic name as entry element Economic development.
9 (RLIN) 131095
Topical term or geographic name as entry element Economic policy.
9 (RLIN) 131096
942 ## - ADDED ENTRY ELEMENTS (KOHA)
Source of classification or shelving scheme Dewey Decimal Classification
Koha item type Books
Holdings
Lost status Source of classification or shelving scheme Damaged status Not for loan Collection code Permanent Location Current Location Shelving location Date acquired Source of acquisition Cost, normal purchase price Total Checkouts Full call number Date last seen Copy number Koha item type
  Dewey Decimal Classification     Non-fiction Central Library, University of Rajshahi Central Library, University of Rajshahi   10/12/1962 Zittengers 21.00   338.9 ROS 1961 14/06/2016 C-2 Books
  Dewey Decimal Classification     Non-fiction Central Library, University of Rajshahi Central Library, University of Rajshahi   11/11/1965 Zeittengers 12.00   338.9 ROS 1964 14/06/2016 C-3 Books
  Dewey Decimal Classification     Non-fiction Central Library, University of Rajshahi Central Library, University of Rajshahi   11/11/1965 Zeetlinger 12.00   338.9 ROS 1964 31/08/2016 C-4 Books
  Dewey Decimal Classification     Non-fiction Central Library, University of Rajshahi Central Library, University of Rajshahi   11/11/1965 Zeetlinger 12.00   338.9 ROS 1963 31/08/2016 C-5 Books
  Dewey Decimal Classification     Non-fiction Central Library, University of Rajshahi Central Library, University of Rajshahi   12/12/1966 Euro Pak     338.9 ROS 1966 01/09/2016 C-6 Books
  Dewey Decimal Classification   Not For Loan Non-fiction Central Library, University of Rajshahi Central Library, University of Rajshahi Reading Room 11/11/1965 Zeetlinger 12.00   338.9 ROS 1967 15/12/2016 C-1 Books